000 00484cam a22001457a 4500
008 180718b2002 xxu||||| |||| 00| 0 eng d
082 _aA81x54 O1/19/PAP3/01
100 _aCensus of India 2001
245 _aAssam: provisional population totals
260 _aDelhi
_bController of publications
_c2002
300 _a395+p.
440 _aCensus of India 2001. Series-19, Assam. Paper-3 of 2001
500 _aContents: Distribution of workers and non-workers
650 _aAssam - Census
999 _c487934
_d487934